A bölcs és a balga példázatai

Elmentve itt :
Bibliográfiai részletek
Szerző: Róna-Tas András
Dokumentumtípus: Cikk
Megjelent: [Akadémiai Kiadó] [Budapest] 1970
Sorozat:Világirodalmi lexikon
Kulcsszavak:Tibeti nyelvemlék, Buddhizmus
Tárgyszavak:
Online Access:http://misc.bibl.u-szeged.hu/65500
LEADER 00745nab a2200217 i 4500
001 misc65500
005 20231016111715.0
008 230622s1970 hu o 0|| hun d
040 |a SZTE Miscellanea Repozitórium  |b hun 
041 |a hun 
100 2 |a Róna-Tas András 
245 1 2 |a A bölcs és a balga példázatai  |h [elektronikus dokumentum] /  |c  Róna-Tas András 
260 |a [Akadémiai Kiadó]  |b [Budapest]  |c 1970 
300 |a [1] p.  |c 30 cm 
490 0 |a Világirodalmi lexikon 
561 |a Németh Gyula hagyaték 
591 |a NOI 5035 
650 4 |a Bölcsészettudományok 
650 4 |a Nyelvek és irodalom 
695 |a Tibeti nyelvemlék, Buddhizmus 
856 4 0 |u http://misc.bibl.u-szeged.hu/65500/1/5035_noi.pdf  |z Dokumentum-elérés